Представление документа в формате RUSMARC

ПолеНазваниеЗначение
  Тип записи a
  Библиографический уровень m
001 Контрольный номер RU/SLIB/B/208715602
005 Дата корректировки 20201206203927.2
010 Индекс ISBN __
d Цена 0-95
101 Язык документа __
a Язык текста rus
200 Заглавие и сведения об ответственности 1_
a Заглавие Химия воды и микробиология
e Сведения, относящиеся к заглавию учеб. пособие
f Первые сведения об ответственности Возная Н. Ф
b Общее обозначение материала Текст
205 Сведения об издании __
a Основные сведения об издании 2-е изд., перераб. и доп.
210 Выходные данные __
a Место издания М.
c Издательство Высш. шк.
d Дата издания 1979
215 Физическое описание __
a Объем 340 с.
c Иллюстрации/тип воспроизводства ил.
606 Тематические рубрики __
a Основная рубрика Биология
606 Тематические рубрики __
a Основная рубрика Общая биохимия
610 Ключевые слова __
a Ключевые слова вода; водоснабжение; стоки; химическое равновесие; кислотность; очистка воды
686 Индексы других классификаций __
a Классификационный индекс 28.072я73
686 Индексы других классификаций __
a Классификационный индекс 38.761.1я73
700 Автор _1
a Фамилия Возная
b Имя Н. Ф.
4 Код отношения 070
801 Источник записи _0
a Страна RU
b Организация Муниципальное бюджетное учреждение культуры "Централизованная библиотечная система" г. Сургут (Центральная городская библиотека им. А. С. Пушкина)
g Правила каталогизации К/Пронина
801 Источник записи _1
a Страна RU
b Организация Муниципальное бюджетное учреждение культуры "Централизованная библиотечная система" г. Сургут (Центральная городская библиотека им. А. С. Пушкина)
g Правила каталогизации К/Пронина
852 Данные о местонахождении __
j Шифр хранения 28.072я73
i Авторский знак В 64
p Инвентарный номер 145098(с)
901 Тип документа __
t Тип документа m
969 Тип издания __
a Тип издания учебное пособие, пособие
990 Данные о заказе (DOS) __
j Количество экземпляров (DOS) 1